书目信息 |
| 题名: |
中国云图
|
|
| 作者: | ;中央气象局 编 | |
| 分册: | ||
| 出版信息: | 北京 科学出版社 1972.05 |
|
| 页数: | 219页 | |
| 开本: | 22cm | |
| 丛书名: | ||
| 单 册: | ||
| 中图分类: | P426.5-64 | |
| 科图分类: | ||
| 主题词: | 云--图集 | |
| 电子资源: | ||
| ISBN: | ||
| 000 | 00628nam0 2200229 45 | |
| 001 | 0184009176 | |
| 005 | 20050104111640.3 | |
| 010 | @b精装@dCNY20.00 | |
| 091 | @a13031.185 | |
| 100 | @a19950609d1972 em y0chiy0121 ea | |
| 101 | 0 | @achi |
| 102 | @aCN@b110000 | |
| 105 | @ay z 000yy | |
| 200 | 10 | @a中国云图@Azhong guo yun tu@f中央气象局编@FZhong Yang Qi Xiang Ju Bian |
| 210 | @a北京@c科学出版社@d1972.05 | |
| 215 | @a219页@c彩图@d22cm | |
| 606 | @a云@x图集 | |
| 690 | @aP426.5-64@v3 | |
| 711 | 02 | @a中央气象局@4编 |
| 801 | 0 | @aCN@b上海图书馆@c20050104 |
| 801 | 2 | @aCN@bNLC@c20050104 |
| 905 | @f1@b245208@dP426.5-64@e36 | |
| 中国云图/中央气象局编.-北京:科学出版社,1972.05 |
| 219页:彩图;22cm |
| ISBN (精装):CNY20.00 |
| ● |
| 相关链接 |
|
|
|
|
正题名:中国云图
索取号:P426.5-64/36
 
预约/预借
| 序号 | 登录号 | 条形码 | 馆藏地/架位号 | 状态 | 备注 |
| 1 | 0245208 | 001966518 | 第三借阅区/ [索取号:P426.5-64/36] | 在馆 | |
| 2 | 0245209 | 202106121 | 第二样本阅览室/ [索取号:P426.5-64/36] | 在馆 |